Представление документа в формате MARC21

ПолеНазваниеЗначение
  Тип записи a
  Библиографический уровень m
001 Контрольный номер RU/URAIT/589107
005 Дата корректировки 20260429163655.9
008 Кодируемые данные 260429s2026 RU y f j 000 0 rus u
020 Индекс ISBN __
a ISBN 978-5-534-15486-3
c Цена, тираж 619.00
040 Источник каталогиз. __
a Служба первич. каталог. ИКО Юрайт
c Служба, преобразующая запись ИКО Юрайт
e Правила каталог. RCR
041 Код языка издания __
a Код языка текста rus
044 Код страны публикации __
a Код страны публикации RU
080 Индекс УДК __
a Индекс УДК 796(075.32)
084 Индекс другой классификации/Индекс ББК __
2 Источник индекса rubbk
a Индекс другой классификации/Индекс ББК 75я723
100 Автор __
a Автор Алхасов Д. С.
q Полное имя Алхасов Дмитрий Сергеевич
245 Заглавие __
a Заглавие Организационно-методические основы физкультурно-спортивной работы
b Продолж. заглавия учебник для спо
c Ответственность Д. С. Алхасов.
256 Характеристики компьютерного файла __
a Характеристики компьютерного файла Электрон. дан.
260 Выходные данные __
a Место издания Москва
b Издательство Юрайт
c Дата издания 2026
300 Физическое описание __
a Объем 144 с
440 Серия __
a Серия Профессиональное образование
500 Примечания __
a Примечание URL: https://urait.ru/bcode/589107 (дата обращения: 29.04.2026).
520 Аннотация __
a Аннотация Содержанием курса являются теоретические и методические основы проведения физкультурно-спортивной работы, включены теоретические и методические основы организации и проведения физкультурно-спортивной работы, включены обобщающие таблицы и схемы, задания для самоконтроля, сборник практических работ, направленных на систематизацию знаний, и приложение с краткой характеристикой наиболее эффективных физкультурно-оздоровительных программ Российской Федерации. Соответствует актуальным требованиям федерального государственного образовательного стандарта среднего профессионального образования и профессиональным требованиям. Для студентов педагогических ссузов, учителей физической культуры, педагогов, инструкторов по физической культуре и других специалистов системы физического воспитания и спорта.
538 Прим. о системных особенностях __
a Прим. о системных особенностях Режим доступа: Электронно-библиотечная система Юрайт, для авториз. пользователей
653 Ключевые слова __
a Ключевые слова Физическая культура
653 Ключевые слова __
a Ключевые слова Гуманитарные науки
653 Ключевые слова __
a Ключевые слова Организация физкультурно-спортивной работы
653 Ключевые слова __
a Ключевые слова Преподавание физической культуры по основным общеобразовательным программам
653 Ключевые слова __
a Ключевые слова Преподавание по дополнительным общеобразовательным программам в области физической культуры и спорта
653 Ключевые слова __
a Ключевые слова Организационно-методические основы физкультурно-спортивной работы
653 Ключевые слова __
a Ключевые слова Организация и проведение физкультурно-спортивной работы
653 Ключевые слова __
a Ключевые слова Организация и проведение физкультурно-спортивной работы с инвалидами и лицами с ограниченными возможностями здоровья
653 Ключевые слова __
a Ключевые слова Преподавание по дополнительным общеразвивающим программам в области физической культуры и спорта
856 Электронный адрес документа 40
n Местонахождение сервера Юрайт
g Электронная книга
q Тип электронного формата html
h Имя пользователя ЮРАЙТ
v Часы доступа к ресурсу 20271231
2 Способ доступа Показать документ
x Служебное примечание https://urait.ru/book/cover/BD803A9E-E4C9-4107-AC99-843BF1D92ABF
u URL https://urait.ru/bcode/589107
856 Электронный адрес документа 48
q Тип электронного формата cover
u URL https://urait.ru/book/cover/BD803A9E-E4C9-4107-AC99-843BF1D92ABF
911 __
u 0030=https://urait.ru/bcode/589107
911 __
u 073a=9785534154863
u 073d=619.00
911 __
u 106a=s
911 __
u 900l=
952 Тип литературы __
i Дисциплина Организация физкультурно-спортивной работы
952 Тип литературы __
i Дисциплина Преподавание физической культуры по основным общеобразовательным программам
952 Тип литературы __
i Дисциплина Преподавание по дополнительным общеобразовательным программам в области физической культуры и спорта
952 Тип литературы __
i Дисциплина Организационно-методические основы физкультурно-спортивной работы
952 Тип литературы __
i Дисциплина Организация и проведение физкультурно-спортивной работы
952 Тип литературы __
i Дисциплина Организация и проведение физкультурно-спортивной работы с инвалидами и лицами с ограниченными возможностями здоровья
952 Тип литературы __
i Дисциплина Преподавание по дополнительным общеразвивающим программам в области физической культуры и спорта